000 01197cad a22002295a 4500
001 L136710
008 070830e20070319xxkd f s 000 0 eng u
035 _a(Sirsi) u140025
041 0 _aeng
050 _a333.33 $2 18
110 2 _aRightmove
245 0 0 _aRightmove house price index
_bMarch 2007
_h[electronic resource]
260 _aLondon
_bRightmove
_c2007
490 0 0 _aRightmove House Price Index
_vMarch 2007
520 _aShows that average national asking prices have risen by 1.5% as spring activity begins. Prices are now rising at over 12% per year, causing ever increasing difficulties for first time buyers. The Chancellor may wish to help them, but any action risks increasing prices still further. Government should be wary of causing short-term increase in property supply as a result of the expected Home Information Pack scheme's introduction.
590 _aKA
650 2 4 _aRIGHTMOVE HOUSE PRICE INDEX
651 4 _aUnited Kingdom
_y
690 _aPROPERTY-RESIDENTIAL PROPERTY-RESIDENTIAL PROPERTY MARKET
856 4 0 _uhttps://www.rightmove.co.uk/template/publicsite%2Caboutus%2CRTPRArchive.vm
_zView the index free of charge at www.rightmove.co.uk...
942 _n0
999 _c107403
_d107403